Love and its place in nature : a philosophical interpretation of Freudian psychoanalysis /

Bibliographic Details
Main Author: Lear, Jonathan
Format: Book
Language:English
Published: New York : Farrar Straus & Giroux, 1990.
Edition:1st ed.
Subjects:

MARC

Tag First Indicator Second Indicator Subfields
LEADER 00000cam a22000008a 4500
001 in00000972731
005 20150927111216.0
008 900330s1990 nyu b 00110 eng
010 |a  90033899  
020 |a 0374192367 :  |c $17.95 
035 |a (OCoLC)21482653 
035 |9 AEW0761AM 
040 |a DLC  |c DLC  |d TXA  |d UtOrBLW 
049 |a TXAM 
050 0 0 |a BF175.5.L68  |b L42 1990 
082 0 0 |a 150.19/52  |2 20 
100 1 |a Lear, Jonathan. 
245 1 0 |a Love and its place in nature :  |b a philosophical interpretation of Freudian psychoanalysis /  |c Jonathan Lear. 
250 |a 1st ed. 
264 1 |a New York :  |b Farrar Straus & Giroux,  |c 1990. 
300 |a 243 pages  
336 |a text  |b txt  |2 rdacontent 
337 |a unmediated  |b n  |2 rdamedia 
338 |a volume  |b nc  |2 rdacarrier 
504 |a Includes bibliographical references and index. 
650 0 |a Love. 
650 0 |a Psychoanalysis  |x Philosophy. 
999 |a MARS 
999 f f |s 85460bbd-033a-34ea-bff0-41c8448a60db  |i 38ae9e43-6185-3969-833b-307391a493cf  |t 0 
952 f f |p ric  |a Texas A&M University  |b Rellis Campus  |c Joint Library Facility  |d Remote Storage  |t 0  |e BF175.5.L68 L42 1990  |h Library of Congress classification  |i unmediated -- volume  |m A14813323236 
998 f f |a BF175.5.L68 L42 1990  |t 0  |l Remote Storage